Normal view
MARC view
Entry Personal Name
001 - CONTROL NUMBER
- control field: 17590
003 - CONTROL NUMBER IDENTIFIER
- control field: OSt
005 - DATE AND TIME OF LATEST TRANSACTION
- control field: 20200907113946.0
008 - FIXED-LENGTH DATA ELEMENTS
- fixed length control field: 200907|| aca||aabn | a|a d
040 ## - CATALOGING SOURCE
- Original cataloging agency: OSt
- Transcribing agency: OSt
100 ## - HEADING--PERSONAL NAME
- Personal name: Nazmul, Ahsan Kalimullah
670 ## - SOURCE DATA FOUND
- Source citation: Work cat.: (OSt)513841: Nazmul, Ahsan Kalimullah, Quest for improving performance and quality of Bangladesh civil service: contemporary practices and recommendations
